logo

Bir Sreshtho Munshi Abdur Rouf Library
Jhenaidah Cadet College

Principles of modern physics / (Record no. 8841)

MARC details
000 -LEADER
fixed length control field 00777nam a2200277 a 4500
001 - CONTROL NUMBER
JCCL Control Number 8841
003 - CONTROL NUMBER IDENTIFIER
JCCL marc code BD-JhCC
005 - DATE AND TIME OF LATEST TRANSACTION
control field 20180304182306.0
008 - FIXED-LENGTH DATA ELEMENTS--GENERAL INFORMATION
fixed length control field 180304s1958 nyua 001 0 eng d
035 ## - SYSTEM CONTROL NUMBER
system control number (BD-JhCC)8841
040 ## - CATALOGING SOURCE
Original cataloging agency BD-JhCC
Transcribing agency CGU
Modifying agency BD-JhCC
041 ## - LANGUAGE CODE
Language code of Book eng
050 #0 - LIBRARY OF CONGRESS CALL NUMBER
Classification number QC173
Item number .F7217
082 ## - DEWEY DECIMAL CLASSIFICATION NUMBER
Classification number 530.1
Author mark and Year RRE 1958
100 1# - MAIN ENTRY--PERSONAL NAME
Personal name French, A. P.
Fuller form of name (Anthony Philip),
Dates associated with a name 1920-
245 10 - TITLE STATEMENT
Title Principles of modern physics /
Statement of responsibility, etc A. P. French.
260 ## - PUBLICATION, DISTRIBUTION, ETC. (IMPRINT)
Place of publication, distribution, etc New York :
Name of publisher, distributor, etc Wiley ;
Place of publication, distribution, etc London :
Name of publisher, distributor, etc Chapman & Hall,
Date of publication, distribution, etc 1958.
300 ## - PHYSICAL DESCRIPTION
Pagination 355 p. :
Other physical details ill. ;
Dimensions 24 cm.
500 ## - GENERAL NOTE
General note Includes index.
504 ## - BIBLIOGRAPHY, ETC. NOTE
Bibliography, etc Bibliography p. 343-346.
650 #0 - SUBJECT ADDED ENTRY--TOPICAL TERM
Topical term or geographic name as entry element Matter
General subdivision Constitution
650 #0 - SUBJECT ADDED ENTRY--TOPICAL TERM
Topical term or geographic name as entry element Quantum theory.
650 #0 - SUBJECT ADDED ENTRY--TOPICAL TERM
Topical term or geographic name as entry element Relativity (Physics)
942 ## - ADDED ENTRY ELEMENTS (KOHA)
Source of classification or shelving scheme Dewey Decimal Classification
Koha item type Books
Holdings
Source of classification or shelving scheme Damaged status Not for loan Home library Current library Shelving location Total Checkouts Full call number Barcode Date last seen Copy number Koha item type
Dewey Decimal Classification     JCC Rouf Library JCC Rouf Library General Stacks   530.1 RRE 1958 11741 03/04/2018 C - 1 Books

JCC Library | Contacts | JCC Home

Last Update on 23 September 2017
Copyright @ 2017-2020 JCC Rouf Library
Rouf Library, Jhenidah Cadet College (JCC), Bangladesh